00390pab a2200133 454500008004000000100002300040245008400063260000900147300001500156362000800171650002000179700002000199773003700219180718b2011 xxu||||| |||| 00| 0 eng d aTaylor, Matthew J. aAn existential gaze at multiracial self-concept: Implications for psychotherapy c2011 ap.195-215. aApr aSelf discipline aNanney, John T. aJournal of Humanistic Psychology